01012nam a2200217 a 450000100100000000500170001000800410002702000180006804000250008624501920011126000660030349000250036950400730039450400320046770000410049970000340054071000650057483000320063995201060067199900170077700004412220201002045148.0140516s2011 sp 000 0 spa d a9788498302844 aDO-SdBNPbspacBNPHU03aLa diversidad religiosa en el País Vasco :bnuevos retos sociales y culturales para las políticas públicas /cEduardo Javier Ruiz Vieytez (dir.) ; Saioa Bilbao Urquidi ... [et al.]. aEspaña :bPublicaciones de la Universidad de Deusto,c2011.1 aDerechos humanosv16 aIncluye referencias bibliográficas y notas al pie de las páginas aBibliografía : p. 149-15412aRuiz Vieytez, Eduardo Javier.97212312aBilbao Urquidi, Saioa.9721242 aUniversidad de Deusto. Instituto de Derechos Humanos.972125 0aDerechos humanosv16972126 0010507-18MOaGRbGRcOId2014-05-16iLF1l0o p44122-10r2020-06-25w2020-06-25y1ZNo se presta c43611d43611